Les Langues modernes. (رقم التسجيلة. 110062)
[ عرض عادي ]
| 000 -LEADER | |
|---|---|
| fixed length control field | 01052cas a2200265 4500 |
| 008 - FIXED-LENGTH DATA ELEMENTS--GENERAL INFORMATION | |
| fixed length control field | 090510c19039999fr qr p 0 0fre |
| 010 ## - LIBRARY OF CONGRESS CONTROL NUMBER | |
| LC control number | 52023077 |
| 022 ## - INTERNATIONAL STANDARD SERIAL NUMBER | |
| International Standard Serial Number | 0023-8376 |
| 040 ## - CATALOGING SOURCE | |
| Original cataloging agency | DLC |
| Transcribing agency | MnMULS |
| Modifying agency | CtY |
| -- | OCoLC |
| -- | NIC |
| -- | DLC |
| -- | OCoLC |
| -- | AIP |
| -- | NST |
| -- | WaU |
| -- | OCoLC |
| 050 00 - LIBRARY OF CONGRESS CALL NUMBER | |
| Classification number | PB2 |
| Item number | .L35 |
| 050 00 - LIBRARY OF CONGRESS CALL NUMBER | |
| Classification number | PB2 |
| Item number | .L35 |
| 210 0# - ABBREVIATED TITLE | |
| Abbreviated title | Lang. mod. |
| 245 04 - TITLE STATEMENT | |
| Title | Les Langues modernes. |
| 260 ## - PUBLICATION, DISTRIBUTION, ETC. | |
| Place of publication, distribution, etc. | [Paris] |
| Name of publisher, distributor, etc. | Association des professeurs de langues vivantes de l'enseignement public. |
| 300 ## - PHYSICAL DESCRIPTION | |
| Extent | v. |
| Dimensions | 22 cm. |
| 310 ## - CURRENT PUBLICATION FREQUENCY | |
| Current publication frequency | Quarterly, |
| Date of current publication frequency | <1996- > |
| 321 ## - FORMER PUBLICATION FREQUENCY | |
| Former publication frequency | Six no. a year, |
| Dates of former publication frequency | 19 -19 |
| 362 1# - DATES OF PUBLICATION AND/OR SEQUENTIAL DESIGNATION | |
| Dates of publication and/or sequential designation | Began with May 1903 issue. |
| 500 ## - GENERAL NOTE | |
| General note | "La revue trimestrielle de l'Association des professeurs de langues vivantes de l'enseignement public." |
| 515 ## - NUMBERING PECULIARITIES NOTE | |
| Numbering peculiarities note | Issues for <1996- > called <90. annâee, no 1 (fâevr. mars avril 1996)- > |
| 650 #0 - SUBJECT ADDED ENTRY--TOPICAL TERM | |
| Topical term or geographic name entry element | Languages, Modern |
| Form subdivision | Periodicals. |
| 710 2# - ADDED ENTRY--CORPORATE NAME | |
| Corporate name or jurisdiction name as entry element | Association des professeurs de langues vivantes de l'enseignement public. |
| 770 0# - SUPPLEMENT/SPECIAL ISSUE ENTRY | |
| Title | Polyglotte |
| International Standard Serial Number | 1145-1742 |
| Record control number | (DLC)sn 98048896 |
| -- | (OCoLC)22637922 |
| 942 ## - ADDED ENTRY ELEMENTS (KOHA) | |
| Source of classification or shelving scheme | Dewey Decimal Classification |
| Koha item type | Books |
لا توجد مواد متاحة.